| 000 | 00587nam a22002057a 4500 | ||
|---|---|---|---|
| 003 | OSt | ||
| 005 | 20240619105319.0 | ||
| 008 | 240619b |||||||| |||| 00| 0 eng d | ||
| 020 | _a007085615 | ||
| 040 | _cmust | ||
| 082 | _a530 REL 1995 | ||
| 100 |
_aReif, Frederick. _917499 |
||
| 245 |
_aFundamentals of statistical and thermal physics/ _cFederick Reif. |
||
| 260 |
_aAuckland: _bMc Grawhill; _cc1995. |
||
| 300 |
_ax,651p.: _bill; _c21cm. |
||
| 440 |
_aInternational physics series _917500 |
||
| 504 | _aIncludes bibliography and index | ||
| 600 | _2physics | ||
| 942 |
_2ddc _cO_SHELF |
||
| 999 |
_c8645 _d8645 |
||